[Event "Plzen, FSB A"]
[Site "?"]
[Date "2001.??.??"]
[Round "7.7"]
[White "Michalek, J."]
[Black "Nun, J."]
[Result "1-0"]
[WhiteElo "2365"]
[BlackElo "2389"]
[PlyCount "191"]
[EventDate "2000.??.??"]
[Source "ChessBase"]
[SourceDate "1996.11.15"]

1. e4 c5 2. Nf3 Nc6 3. d4 cxd4 4. Nxd4 Nf6 5. Nc3 e5 6. Ndb5 d6 7. Bg5 a6 8.
Na3 Be6 9. Nc4 Rc8 10. Bxf6 gxf6 11. Ne3 Bg7 12. Ncd5 Ne7 13. c3 Bxd5 14. Nxd5
Nxd5 15. Qxd5 Qb6 16. Bc4 O-O 17. Bb3 a5 18. O-O Qa6 19. Qd1 b5 20. Bd5 Rc5 21.
Qh5 Qc8 22. Rad1 b4 23. cxb4 axb4 24. Bb3 Qd7 25. Rd3 f5 26. Rh3 h6 27. Rg3 f4
28. Rd3 Rfc8 29. h3 Rc1 30. Rfd1 Rxd1+ 31. Rxd1 Rc7 32. Qe2 Bf8 33. Bd5 Qc8 34.
Qd2 Qb8 35. Rc1 Be7 36. Rc4 Rxc4 37. Bxc4 Qb7 38. Bd5 Qc7 39. Bb3 Qc5 40. Qe2
Qc1+ 41. Kh2 f3 42. Qxf3 Qf4+ 43. Qg3+ Kf8 44. Bd5 Bg5 45. a4 bxa3 46. bxa3 Qf6
47. Kg1 Bd2 48. Qd3 Ba5 49. Qb5 Bc3 50. Qb8+ Kg7 51. Qc8 Bd4 52. Qg4+ Kf8 53.
Qg3 Bb6 54. a4 Qe7 55. Qf3 Kg7 56. Kf1 Qc7 57. g3 Qe7 58. Qg4+ Kf8 59. Qf5 Kg7
60. h4 Bd8 61. Qg4+ Kf8 62. Qf5 Kg7 63. Kg2 Bb6 64. Qf3 Bd8 65. Qb3 Ba5 66. Kf3
Be1 67. Ke2 Ba5 68. f3 Qc7 69. f4 Qc1 70. Qd1 Qb2+ 71. Kf3 h5 72. Qe2 Qxe2+ 73.
Kxe2 exf4 74. gxf4 Bd8 75. Bc6 Bxh4 76. a5 Bd8 77. a6 Bb6 78. Kd3 Kf6 79. Bd7
h4 80. Kc4 Ke7 81. Kb5 Kxd7 82. Kxb6 h3 83. a7 h2 84. a8=Q h1=Q 85. Qb7+ Ke6
86. f5+ Ke5 87. Qd5+ Kf6 88. Qxd6+ Kg7 89. Qe5+ Kg8 90. Qd4 Qb1+ 91. Kc7 Qb5
92. Qd5 Qa6 93. e5 Qa7+ 94. Kd8 Qb8+ 95. Ke7 Qb4+ 96. Qd6 1-0

[Event "Plzen, FSB A"]
[Site "?"]
[Date "2001.??.??"]
[Round "7.8"]
[White "Vokac, M."]
[Black "Folk, P."]
[Result "1-0"]
[WhiteElo "2507"]
[BlackElo "2289"]
[PlyCount "113"]
[EventDate "2000.??.??"]
[Source "ChessBase"]
[SourceDate "1996.11.15"]

1. Nf3 Nf6 2. c4 g6 3. Nc3 Bg7 4. e4 d6 5. d4 O-O 6. Be2 e5 7. O-O Nc6 8. d5
Ne7 9. Ne1 Nd7 10. Nd3 f5 11. exf5 gxf5 12. f4 Ng6 13. Kh1 Qe7 14. Nb5 Nf6 15.
c5 Ne4 16. cxd6 cxd6 17. fxe5 dxe5 18. Qb3 Kh8 19. d6 Qh4 20. Kg1 Nxd6 21. Nxd6
Qd4+ 22. Kh1 Qxd6 23. Be3 b6 24. Rad1 Be6 25. Qa4 Qe7 26. Nb4 f4 27. Bf2 Qg5
28. Bf3 Rae8 29. Nd5 Bg4 30. Nc3 Qh5 31. Qe4 Rd8 32. Nb5 Qg5 33. Nd6 Rd7 34.
Qc6 Bxf3 35. gxf3 Qd8 36. Rd2 e4 37. Rfd1 Ne5 38. Qxe4 Qa8 39. Kg2 Qxe4 40.
Nxe4 Rfd8 41. Rxd7 Rxd7 42. Rxd7 Nxd7 43. b3 Kg8 44. a4 a6 45. Kh3 Ne5 46. Bxb6
Nxf3 47. Kg4 Ne5+ 48. Kxf4 Nd7 49. Bc7 Kf7 50. Kf5 Bh6 51. b4 Be3 52. b5 axb5
53. axb5 Ke7 54. h3 Kf7 55. Nd6+ Ke7 56. b6 Bc5 57. Nc8+ 1-0

[Event "Plzen, FSB A"]
[Site "?"]
[Date "2001.??.??"]
[Round "7.11"]
[White "Jirka, J."]
[Black "Chudinovskich, A."]
[Result "1-0"]
[WhiteElo "2292"]
[BlackElo "2362"]
[PlyCount "77"]
[EventDate "2000.??.??"]
[Source "ChessBase"]
[SourceDate "1996.11.15"]

1. d4 Nf6 2. c4 e6 3. g3 c5 4. d5 exd5 5. cxd5 d6 6. Nc3 g6 7. Bg2 Bg7 8. Nf3
O-O 9. O-O a6 10. a4 Nbd7 11. Nd2 Qe7 12. h3 Nh5 13. e4 Ne5 14. Qe2 Bd7 15. Kh2
b5 16. f4 Nc4 17. Nxc4 bxc4 18. Qxc4 Rfb8 19. Re1 Rb4 20. Qf1 Bd4 21. Ra2 f6
22. Ne2 Bxa4 23. Nxd4 cxd4 24. Bd2 Bb3 25. Bxb4 Bxa2 26. Qd3 a5 27. Qa3 Bc4 28.
Bxd6 Qb7 29. Rd1 d3 30. Rd2 a4 31. Bb4 Qb6 32. Bc5 Qb5 33. Bd4 Bb3 34. Qd6 Rf8
35. g4 Qc4 36. Bc5 Re8 37. gxh5 Qc1 38. h6 Qxd2 39. Qxf6 1-0

[Event "Plzen, FSB A"]
[Site "?"]
[Date "2001.??.??"]
[Round "7.13"]
[White "Krapivin, V."]
[Black "Plasgura, P."]
[Result "1/2-1/2"]
[WhiteElo "2339"]
[BlackElo "2234"]
[PlyCount "48"]
[EventDate "2000.??.??"]
[Source "ChessBase"]
[SourceDate "1996.11.15"]

1. e4 c5 2. Nc3 b6 3. g3 Bb7 4. Bg2 g6 5. d3 Bg7 6. f4 d6 7. Nf3 e5 8. O-O Ne7
9. Nh4 f6 10. fxe5 dxe5 11. Be3 O-O 12. Qd2 Nbc6 13. Nd5 Nxd5 14. exd5 Nd4 15.
c3 Nb5 16. a4 Nd6 17. c4 a5 18. Rae1 Bc8 19. Bh6 Bxh6 20. Qxh6 g5 21. Nf3 Nf5
22. Qh5 Ng7 23. Qh6 Nf5 24. Qh5 Ng7 1/2-1/2

[Event "Plzen, FSB A"]
[Site "?"]
[Date "2001.??.??"]
[Round "7.14"]
[White "Seeger, W."]
[Black "Virostko, P."]
[Result "0-1"]
[WhiteElo "2150"]
[BlackElo "2294"]
[PlyCount "74"]
[EventDate "2000.??.??"]
[Source "ChessBase"]
[SourceDate "1996.11.15"]

1. d4 Nf6 2. Nf3 c5 3. e3 e6 4. Nbd2 Nc6 5. c3 d5 6. Bd3 Bd6 7. O-O O-O 8. dxc5
Bxc5 9. e4 h6 10. h3 Bd6 11. Re1 Bc7 12. exd5 exd5 13. Nb3 Qd6 14. Be3 Ne4 15.
Nbd4 a6 16. Nxc6 Qxc6 17. Bf1 Bd7 18. Qd4 Be6 19. Rad1 Rad8 20. Ne5 Qd6 21. f4
f6 22. Nd3 Rfe8 23. Be2 Bf7 24. Bf3 Qf8 25. Qa7 Re7 26. Nf2 Bb8 27. Qb6 Bc7 28.
Qa7 Ra8 29. Qd4 Qe8 30. a3 Rd8 31. Qb4 Bd6 32. Qb6 Bc7 33. Qb4 a5 34. Qd4 b6
35. Qd3 Nc5 36. Qd2 Nb3 37. Qd3 Bxf4 0-1

[Event "Plzen, FSB A"]
[Site "?"]
[Date "2001.??.??"]
[Round "7.15"]
[White "Lahner, J."]
[Black "Seleljo, D."]
[Result "0-1"]
[WhiteElo "2142"]
[BlackElo "2273"]
[PlyCount "54"]
[EventDate "2000.??.??"]
[Source "ChessBase"]
[SourceDate "1996.11.15"]

1. d4 d6 2. Nf3 Nf6 3. c4 g6 4. Nc3 Bg7 5. e4 O-O 6. Be2 e5 7. O-O Nc6 8. d5
Ne7 9. b4 Nh5 10. Re1 h6 11. Nd2 Nf4 12. Bf1 a5 13. bxa5 c5 14. Nb3 Bd7 15. Kh1
g5 16. g3 Neg6 17. gxf4 exf4 18. Bb2 g4 19. Qd2 Qh4 20. Nd1 Rae8 21. Bxg7 Kxg7
22. h3 Re5 23. Nb2 g3 24. f3 Bxh3 25. Kg1 g2 26. Bd3 Bd7 27. Re2 Qh1+ 0-1

[Event "Plzen, FSB A"]
[Site "?"]
[Date "2001.??.??"]
[Round "7.16"]
[White "Freisler, P."]
[Black "Galicek, S."]
[Result "1-0"]
[WhiteElo "2350"]
[BlackElo "2172"]
[PlyCount "57"]
[EventDate "2000.??.??"]
[Source "ChessBase"]
[SourceDate "1996.11.15"]

1. Nf3 d5 2. c4 c6 3. b3 Nf6 4. g3 Bf5 5. Bg2 e6 6. Bb2 h6 7. O-O Be7 8. d3 O-O
9. Qc2 Nbd7 10. Nc3 Bh7 11. e4 Nc5 12. Rad1 dxe4 13. dxe4 Qb6 14. Ne5 a5 15.
Ba3 Rfe8 16. Qe2 Bf8 17. Qe3 Qa7 18. Qf4 Qb8 19. Bf3 Qc7 20. Rd2 Rad8 21. Rfd1
Rxd2 22. Rxd2 Rd8 23. Bxc5 Rxd2 24. Bxf8 Rc2 25. Na4 Nxe4 26. Bxe4 Bxe4 27.
Qxe4 Rc1+ 28. Kg2 Kxf8 29. Qf4 1-0

[Event "Plzen, FSB A"]
[Site "?"]
[Date "2001.??.??"]
[Round "7.17"]
[White "Hallerova, E."]
[Black "Chytilek, R."]
[Result "0-1"]
[WhiteElo "2151"]
[BlackElo "2411"]
[PlyCount "126"]
[EventDate "2000.??.??"]
[Source "ChessBase"]
[SourceDate "1996.11.15"]

1. Nf3 c5 2. d4 g6 3. g3 Bg7 4. Bg2 cxd4 5. Nxd4 Nc6 6. c3 Nf6 7. O-O O-O 8. e4
Qc7 9. h3 Rd8 10. Na3 a6 11. Qe2 e5 12. Nb3 b5 13. Rd1 Bb7 14. Nc5 Bc8 15. Be3
d6 16. Nb3 Bb7 17. Rac1 Ne7 18. Bg5 h6 19. Bxf6 Bxf6 20. c4 b4 21. Nc2 a5 22.
Ne3 Ba6 23. Qf3 Bg5 24. h4 Bxe3 25. Qxe3 a4 26. Nd2 Kg7 27. b3 Bb7 28. Nf1 Qc5
29. Qd2 axb3 30. axb3 Nc6 31. Ne3 Nd4 32. Ng4 Rh8 33. Rb1 Ra3 34. h5 g5 35. Ne3
Bc8 36. Nd5 Bg4 37. Re1 Rb8 38. Qe3 Ne2+ 39. Kh2 Qxe3 40. Nxe3 Be6 41. Rb2 Nd4
42. Reb1 Rba8 43. Bh3 Ra2 44. Bxe6 fxe6 45. Nf1 Rxb2 46. Rxb2 Ra1 47. Kg2 Rc1
48. Nd2 g4 49. Ra2 Kf6 50. Ra4 Nc2 51. Ra6 Ne1+ 52. Kh2 Rc2 53. Nf1 Rxf2+ 54.
Kg1 Rb2 55. Rxd6 Nf3+ 56. Kh1 Rxb3 57. Rb6 Rb1 58. Kg2 Rb2+ 59. Kh1 Rf2 60.
Rxb4 Rxf1+ 61. Kg2 Rc1 62. Kf2 Rc3 63. Kg2 Ng5 0-1

[Event "Plzen, FSB A"]
[Site "?"]
[Date "2001.??.??"]
[Round "7.18"]
[White "Siktanc, P."]
[Black "Rodkin, R."]
[Result "1/2-1/2"]
[WhiteElo "2129"]
[BlackElo "2314"]
[PlyCount "154"]
[EventDate "2000.??.??"]
[Source "ChessBase"]
[SourceDate "1996.11.15"]

1. d4 Nf6 2. Nf3 e6 3. e3 c5 4. Bd3 b6 5. O-O Be7 6. Nbd2 Nc6 7. c3 a5 8. Qe2
O-O 9. a3 d6 10. Rd1 Qc7 11. e4 e5 12. dxe5 Nxe5 13. Nxe5 dxe5 14. Nf1 Bb7 15.
Ng3 g6 16. Bh6 Rfd8 17. Bc4 Rxd1+ 18. Rxd1 Rd8 19. Re1 Qd7 20. h3 Bc6 21. Qf3
b5 22. Bb3 c4 23. Bc2 Ne8 24. Qe2 Nc7 25. a4 Ne6 26. axb5 Bxb5 27. Rd1 Qc6 28.
Rxd8+ Bxd8 29. Nf1 Nc5 30. Nd2 g5 31. Qh5 Qg6 32. Qxg6+ hxg6 33. Nf3 f6 34. h4
gxh4 35. Be3 Nd3 36. Bxd3 cxd3 37. Nxh4 Bb6 38. Nf3 Bxe3 39. fxe3 Bc6 40. Nd2
a4 41. Kf2 Kf7 42. g4 Ke7 43. Kg3 Ke6 44. Kh4 g5+ 45. Kg3 Kd6 46. Kf3 Kc5 47.
Nb1 Bd7 48. Nd2 Be6 49. Nb1 Kb5 50. Na3+ Ka5 51. Nb1 Ba2 52. Na3 Bb3 53. Nb1 a3
54. bxa3 Ka4 55. Kf2 Ba2 56. Nd2 Be6 57. Ke1 Kxa3 58. Nf1 Bxg4 59. Kd2 Be2 60.
Ng3 Kb3 61. Nf5 Kc4 62. Nd6+ Kc5 63. Nf5 Kc6 64. c4 Kc5 65. Kc3 d2 66. Kxd2
Bxc4 67. Kc3 Bb5 68. Ng3 Bd7 69. Nh5 g4 70. Kd2 Kd6 71. Nxf6 g3 72. Ke2 Bh3 73.
Kf3 g2 74. Kf2 Kc5 75. Nh7 Kc4 76. Ng5 Bc8 77. Kxg2 Kd3 1/2-1/2

[Event "Plzen, FSB A"]
[Site "?"]
[Date "2001.??.??"]
[Round "7.19"]
[White "Vaculik, M."]
[Black "Bartos, J."]
[Result "1/2-1/2"]
[WhiteElo "2144"]
[BlackElo "2229"]
[PlyCount "20"]
[EventDate "2000.??.??"]
[Source "ChessBase"]
[SourceDate "1996.11.15"]

1. c4 c5 2. g3 Nc6 3. Bg2 g6 4. Nf3 Bg7 5. O-O e5 6. Nc3 Nf6 7. d3 O-O 8. Nd2
d6 9. Rb1 Rb8 10. a3 a5 1/2-1/2

[Event "Plzen, FSB A"]
[Site "?"]
[Date "2001.??.??"]
[Round "7.20"]
[White "Juptner, J."]
[Black "Pokrupa, M."]
[Result "1-0"]
[WhiteElo "2229"]
[BlackElo "2075"]
[PlyCount "85"]
[EventDate "2000.??.??"]
[Source "ChessBase"]
[SourceDate "1996.11.15"]

1. d4 Nf6 2. c4 g6 3. Nc3 Bg7 4. Nf3 d6 5. g3 O-O 6. Bg2 Nbd7 7. O-O e5 8. e4
exd4 9. Nxd4 Re8 10. h3 a6 11. Be3 Rb8 12. a4 Ne5 13. b3 Bd7 14. Qc2 Qc8 15.
Kh2 h5 16. Rae1 h4 17. g4 c5 18. Nf3 Nxf3+ 19. Bxf3 Bc6 20. Bg2 Qe6 21. Nd5
Rbc8 22. Bd2 b5 23. axb5 axb5 24. f4 bxc4 25. bxc4 Bxd5 26. cxd5 Qd7 27. Bc3
Ra8 28. e5 dxe5 29. d6 Ra3 30. fxe5 Nxg4+ 31. hxg4 Qxg4 32. Rf3 Rea8 33. Qe4
Qe6 34. Bh3 Qe8 35. e6 Ra2+ 36. Re2 fxe6 37. Bxe6+ Kh7 38. Qxh4+ Bh6 39. Bd2
Rxd2 40. Rxd2 Qxe6 41. d7 Qe5+ 42. Kg2 Ra4 43. d8=Q 1-0

[Event "Plzen, FSB A"]
[Site "?"]
[Date "2001.??.??"]
[Round "7.21"]
[White "Hroch, J."]
[Black "Balin, J."]
[Result "0-1"]
[WhiteElo "1969"]
[BlackElo "2212"]
[PlyCount "112"]
[EventDate "2000.??.??"]
[Source "ChessBase"]
[SourceDate "1996.11.15"]

1. e4 d5 2. exd5 Nf6 3. d4 Nxd5 4. c4 Nb6 5. Nc3 e5 6. Be3 exd4 7. Qxd4 Qxd4 8.
Bxd4 c6 9. Nf3 Be6 10. b3 f6 11. a3 Kf7 12. Be2 N8d7 13. O-O a5 14. Ne4 Be7 15.
c5 Nd5 16. Bc4 Rhd8 17. Rad1 Nf8 18. Rfe1 h6 19. h3 Rd7 20. Rd2 Rad8 21. Red1
Nf4 22. Bxe6+ N8xe6 23. Be3 Nd5 24. b4 Nxe3 25. fxe3 Rxd2 26. Rxd2 Rxd2 27.
Nexd2 Nc7 28. Nd4 axb4 29. axb4 Nd5 30. Nc2 b6 31. Nb3 bxc5 32. bxc5 Ke6 33.
Kf2 Kd7 34. Ne1 Nb4 35. Kf3 Ke6 36. e4 f5 37. exf5+ Kxf5 38. Ke3 Ke5 39. g4 Kd5
40. Kf4 Kc4 41. Nd2+ Kxc5 42. Ne4+ Kd5 43. g5 Ke6 44. Nf3 h5 45. Nd4+ Kf7 46.
Nf5 g6 47. Nxe7 Kxe7 48. Nc5 Kd6 49. Ne4+ Ke6 50. Nc5+ Kd5 51. Nd7 Nd3+ 52. Ke3
Ne5 53. Nf6+ Ke6 54. Ke4 Nf7 55. h4 Nd6+ 56. Kf4 Nf5 0-1

[Event "Plzen, FSB A"]
[Site "?"]
[Date "2001.??.??"]
[Round "7.22"]
[White "Falout, L."]
[Black "Vavrinec, T."]
[Result "1/2-1/2"]
[WhiteElo "2163"]
[BlackElo "1953"]
[PlyCount "138"]
[EventDate "2000.??.??"]
[Source "ChessBase"]
[SourceDate "1996.11.15"]

1. e4 e6 2. d4 d5 3. Nc3 dxe4 4. Nxe4 Nd7 5. Bd3 Ngf6 6. Qe2 Be7 7. Nf3 O-O 8.
O-O b6 9. Ne5 Bb7 10. Ng5 c5 11. Re1 cxd4 12. Nexf7 Rxf7 13. Nxf7 Kxf7 14.
Qxe6+ Kf8 15. Bc4 Qe8 16. Bf4 Nc5 17. Qe2 Nce4 18. f3 Nd6 19. Bb3 Nf5 20. Qe6
Ne3 21. Kh1 Bc8 22. Qe5 Bc5 23. Qd6+ Qe7 24. Qxe7+ Bxe7 25. Bxe3 dxe3 26. Rxe3
Bf5 27. Rd1 Rd8 28. Rxd8+ Bxd8 29. g4 Bg6 30. Rc3 Ke7 31. Kg2 Kd6 32. Rc8 Be7
33. c4 Nd7 34. Ba4 Ne5 35. Kg3 Bd3 36. b3 g5 37. f4 gxf4+ 38. Kxf4 Bb1 39. Ra8
a5 40. c5+ bxc5 41. a3 Ng6+ 42. Kf3 Ne5+ 43. Kg3 Ng6 44. Rxa5 Be4 45. Be8 Bh4+
46. Kh3 Be1 47. Bxg6 hxg6 48. Ra7 g5 49. Rg7 Bh4 50. a4 Kc6 51. Rg8 Kb6 52. Rc8
Bb7 53. Rb8 Kc7 54. Re8 Kb6 55. Re5 Bf3 56. b4 cxb4 57. Rb5+ Ka6 58. Rxb4 Ka5
59. Rd4 Bc6 60. Rd6 Bxa4 61. Rh6 Be1 62. Kg2 Kb4 63. Kf1 Bd2 64. Ke2 Bf4 65.
Kd3 Bd1 66. h3 Kc5 67. Rf6 Kd5 68. Rf8 Ke6 69. Kd4 Bf3 1/2-1/2

[Event "Plzen, FSB A"]
[Site "?"]
[Date "2001.??.??"]
[Round "7.23"]
[White "Scheidt, K."]
[Black "Kacmarik, L."]
[Result "1-0"]
[WhiteElo "2123"]
[BlackElo "2226"]
[PlyCount "43"]
[EventDate "2000.??.??"]
[Source "ChessBase"]
[SourceDate "1996.11.15"]

1. e4 c5 2. c3 d5 3. exd5 Qxd5 4. d4 g6 5. Nf3 Bg7 6. Be3 cxd4 7. cxd4 Nf6 8.
Nc3 Qa5 9. Bc4 O-O 10. O-O a6 11. a4 Nc6 12. d5 Nb4 13. Qb3 Bf5 14. Rac1 Nd7
15. Rfd1 Nc5 16. Bxc5 Qxc5 17. d6 e6 18. Ng5 Bg4 19. Nce4 Bxd1 20. Qh3 Qxg5 21.
Nxg5 h6 22. Nxf7 1-0

[Event "Plzen, FSB A"]
[Site "?"]
[Date "2001.??.??"]
[Round "7.24"]
[White "Kozak, M."]
[Black "Bujnoch, R."]
[Result "1/2-1/2"]
[WhiteElo "2226"]
[BlackElo "2120"]
[PlyCount "71"]
[EventDate "2000.??.??"]
[Source "ChessBase"]
[SourceDate "1996.11.15"]

1. d4 Nf6 2. c4 g6 3. Nc3 Bg7 4. e4 d6 5. Nf3 O-O 6. Be2 e5 7. O-O Nc6 8. d5
Ne7 9. b4 Nd7 10. Nd2 f5 11. c5 dxc5 12. bxc5 Nxc5 13. Ba3 Nxe4 14. Ndxe4 fxe4
15. Bc4 Kh8 16. Nxe4 Rf4 17. d6 Nf5 18. dxc7 Qxc7 19. Qd5 Bd7 20. Ng5 Nh6 21.
Bb3 Bc6 22. Ne6 Qb6 23. Qc5 Rg4 24. f3 Qxc5+ 25. Bxc5 Rh4 26. g3 Rd4 27. Bxd4
exd4 28. g4 Nf7 29. Nxg7 Kxg7 30. Bxf7 Kxf7 31. Rad1 Rd8 32. Rd2 d3 33. Rfd1
Bb5 34. Rc1 Rd7 35. Rc3 b6 36. Kf2 1/2-1/2

[Event "Plzen, FSB A"]
[Site "?"]
[Date "2001.??.??"]
[Round "7.26"]
[White "Hitzgerova, G."]
[Black "Tuzil, V."]
[Result "0-1"]
[WhiteElo "2191"]
[BlackElo "1992"]
[PlyCount "133"]
[EventDate "2000.??.??"]
[Source "ChessBase"]
[SourceDate "1996.11.15"]

1. e4 e6 2. d4 d5 3. e5 c5 4. c3 Qb6 5. Nf3 Nc6 6. a3 Bd7 7. b4 c4 8. a4 a5 9.
b5 Nce7 10. Ba3 Nc8 11. Bxf8 Kxf8 12. g3 Qd8 13. h4 Nb6 14. Bg2 Qe7 15. O-O Ke8
16. Ng5 Kd8 17. f4 Kc7 18. Nd2 Nh6 19. Re1 Nf5 20. Nf1 Rag8 21. h5 h6 22. Nh3
g6 23. Kh2 Ng7 24. Bf3 Nf5 25. Ra2 Rg7 26. Rg2 Rhg8 27. hxg6 Rxg6 28. Bh5 R6g7
29. Ree2 Qa3 30. g4 Nh4 31. Rg3 Qxa4 32. Qb1 Qxb5 33. Rb2 Qc6 34. Nd2 Na4 35.
Ra2 Qb5 36. Qa1 b6 37. Nb1 Nf5 38. Rf3 Nh4 39. Rff2 Qc6 40. Na3 b5 41. Nc2 Rb8
42. Ne3 b4 43. Nd1 Ra8 44. Ng1 Qb5 45. Qc1 Nxc3 46. Nxc3 bxc3 47. Qxc3 Qb3 48.
Qc1 Qd3 49. Ne2 Nf3+ 50. Kh1 Nxd4 51. Nxd4 Qxd4 52. Qa3 Qb6 53. Rab2 Qc6 54.
Qe7 d4+ 55. Kh2 d3 56. g5 hxg5 57. Bf3 Rh8+ 58. Kg3 gxf4+ 59. Kxf4 Re8 60. Qf6
Qc5 61. Qxg7 Qd4+ 62. Kg3 c3 63. Rb7+ Kc8 64. Qh7 Qxe5+ 65. Kg2 Qd4 66. Qe4
Qxe4 67. Bxe4 {partie dale necitelna} 0-1

[Event "Plzen, FSB A"]
[Site "?"]
[Date "2001.??.??"]
[Round "7.27"]
[White "Reitinger, P."]
[Black "Eretova, J."]
[Result "1/2-1/2"]
[WhiteElo "2119"]
[BlackElo "2189"]
[PlyCount "27"]
[EventDate "2000.??.??"]
[Source "ChessBase"]
[SourceDate "1996.11.15"]

1. f4 Nf6 2. Nf3 g6 3. d4 Bg7 4. e3 d5 5. Bd3 c5 6. c3 Qc7 7. O-O O-O 8. Ne5
Ne4 9. Bxe4 dxe4 10. Nd2 f6 11. Qb3+ e6 12. Ng4 Kh8 13. Nf2 f5 14. Nc4 1/2-1/2

[Event "Plzen, FSB A"]
[Site "?"]
[Date "2001.??.??"]
[Round "7.30"]
[White "Chrz, P."]
[Black "Tuma, J."]
[Result "1-0"]
[WhiteElo "2151"]
[BlackElo "1862"]
[PlyCount "55"]
[EventDate "2000.??.??"]
[Source "ChessBase"]
[SourceDate "1996.11.15"]

1. e4 e5 2. Nf3 Nc6 3. Bb5 a6 4. Ba4 Nf6 5. O-O b5 6. Bb3 Be7 7. Re1 d6 8. c3
O-O 9. d4 Bg4 10. d5 Na5 11. Bc2 c6 12. h3 Bc8 13. dxc6 Qc7 14. Nbd2 Nxc6 15.
Nf1 Bb7 16. Ng3 Rac8 17. Nf5 Rfd8 18. Bg5 Ne8 19. Bb3 Rd7 20. Bxe7 Nxe7 21.
Bxf7+ Kxf7 22. Ng5+ Kf6 23. Qg4 h6 24. Nxh6 gxh6 25. Qe6+ Kxg5 26. Re3 Nf6 27.
Rg3+ Kh5 28. Qf7+ 1-0

[Event "Plzen, FSB A"]
[Site "?"]
[Date "2001.??.??"]
[Round "8.2"]
[White "Simacek, P."]
[Black "Gross, D."]
[Result "1/2-1/2"]
[WhiteElo "2404"]
[BlackElo "2465"]
[PlyCount "91"]
[EventDate "2000.??.??"]
[Source "ChessBase"]
[SourceDate "1996.11.15"]

1. e4 e5 2. Nf3 Nc6 3. Bb5 a6 4. Ba4 Nf6 5. O-O Bc5 6. Qe2 b5 7. Bb3 O-O 8. c3
d6 9. d3 Bg4 10. h3 Bh5 11. Nbd2 Qd7 12. Rd1 Rfe8 13. Nf1 Nd8 14. Ng3 Bg6 15.
Nh4 Ne6 16. Qf3 Kh8 17. Nhf5 Ng8 18. h4 h6 19. h5 Bh7 20. d4 exd4 21. cxd4 Bb6
22. e5 Rad8 23. d5 Nf8 24. Qg4 Bxf5 25. Nxf5 g6 26. hxg6 fxg6 27. e6 gxf5 28.
exd7 fxg4 29. dxe8=Q Rxe8 30. Kf1 Re5 31. Bd2 Rf5 32. Bc3+ Nf6 33. Rd2 N8d7 34.
Bc2 Rh5 35. Re1 Kg8 36. g3 Rh1+ 37. Ke2 Rh2 38. Kd1 Kf7 39. Rf1 Ne5 40. Bxe5
dxe5 41. f3 Rxd2+ 42. Kxd2 gxf3 43. Rxf3 Ke7 44. Bb3 Bd4 45. Kc2 a5 46. a3
1/2-1/2

[Event "Plzen, FSB A"]
[Site "?"]
[Date "2001.??.??"]
[Round "8.3"]
[White "Gross, S."]
[Black "Vokac, M."]
[Result "0-1"]
[WhiteElo "2391"]
[BlackElo "2507"]
[PlyCount "106"]
[EventDate "2000.??.??"]
[Source "ChessBase"]
[SourceDate "1996.11.15"]

1. e4 e6 2. d4 d5 3. Nc3 Bb4 4. e5 b6 5. Qg4 Bf8 6. Bb5+ c6 7. Ba4 a5 8. a3 f5
9. Qg3 Ra7 10. h4 b5 11. Bb3 Qb6 12. Be3 Nh6 13. Nge2 Ng4 14. Bd2 Na6 15. f3
Nh6 16. Be3 Nc7 17. Qf2 a4 18. Ba2 b4 19. axb4 Bxb4 20. O-O O-O 21. Nd1 Ba6 22.
c3 Be7 23. Bg5 Bxg5 24. hxg5 Nf7 25. f4 h6 26. g6 Nh8 27. Re1 Bxe2 28. Rxe2
Nxg6 29. Bb1 Ne8 30. Bc2 Qb5 31. Re3 Ne7 32. Bd3 Qb6 33. Bc2 Qb5 34. Bd3 Qb8
35. Bc2 Qa8 36. Qh4 Ng6 37. Qg3 Kh7 38. c4 dxc4 39. Rea3 Qd8 40. Qf2 Rd7 41.
Rxa4 Nc7 42. Rxc4 Nb5 43. Raa4 c5 44. dxc5 Rd2 45. Qf1 Nd4 46. Bd3 Nf3+ 47.
gxf3 Rxd3 48. Nf2 Rxf3 49. Qd1 Rg3+ 50. Kf1 Qh4 51. Rd4 Qh2 52. Ke2 Rg2 53. Qf1
Rb8 0-1

[Event "Plzen, FSB A"]
[Site "?"]
[Date "2001.??.??"]
[Round "8.4"]
[White "Konopka, M."]
[Black "Michalek, J."]
[Result "1-0"]
[WhiteElo "2479"]
[BlackElo "2365"]
[PlyCount "55"]
[EventDate "2000.??.??"]
[Source "ChessBase"]
[SourceDate "1996.11.15"]

1. Nf3 Nf6 2. c4 g6 3. d4 Bg7 4. g3 O-O 5. Bg2 d6 6. O-O Nbd7 7. Nc3 e5 8. e4
exd4 9. Nxd4 Re8 10. h3 Nc5 11. Re1 Bd7 12. Rb1 h6 13. Kh2 a5 14. b3 c6 15. Bf4
Qb6 16. Be3 Qc7 17. Qc2 Re5 18. f3 Rh5 19. Nde2 Rd8 20. Rbd1 Bc8 21. Nf4 Re5
22. Bd4 Ree8 23. Bxf6 Bxf6 24. Ncd5 cxd5 25. Nxd5 Qe7 26. Nxe7+ Bxe7 27. h4 Nd7
28. Qd2 1-0

[Event "Plzen, FSB A"]
[Site "?"]
[Date "2001.??.??"]
[Round "8.5"]
[White "Neuman, P."]
[Black "Jirka, J."]
[Result "0-1"]
[WhiteElo "2438"]
[BlackElo "2292"]
[PlyCount "80"]
[EventDate "2000.??.??"]
[Source "ChessBase"]
[SourceDate "1996.11.15"]

1. e4 e5 2. f4 Bc5 3. Nf3 d6 4. Nc3 Nf6 5. Bc4 Nc6 6. d3 a6 7. Nd5 Nxd5 8. Bxd5
Be6 9. Bxc6+ bxc6 10. f5 Bd7 11. Qe2 Qb8 12. c3 f6 13. g4 a5 14. b3 Qa7 15. a3
Rb8 16. Rb1 Bb6 17. h4 a4 18. b4 c5 19. c4 cxb4 20. axb4 Bc5 21. Ba3 Be3 22.
Kf1 g6 23. Re1 Bf4 24. Rg1 Kf7 25. Qf2 Qa8 26. Ke2 c5 27. b5 Qa5 28. Bc1 Bxc1
29. Rxc1 a3 30. Qe1 Qa7 31. Qd2 Rhg8 32. h5 gxf5 33. gxf5 Rxg1 34. Rxg1 Rg8 35.
Rxg8 Kxg8 36. Qa2 Qa5 37. Nd2 Be8 38. h6 Qc3 39. Qb3 Bh5+ 40. Ke3 Qd4# 0-1

[Event "Plzen, FSB A"]
[Site "?"]
[Date "2001.??.??"]
[Round "8.6"]
[White "Lechtynsky, J."]
[Black "Lys, J."]
[Result "1-0"]
[WhiteElo "2422"]
[BlackElo "2353"]
[PlyCount "75"]
[EventDate "2000.??.??"]
[Source "ChessBase"]
[SourceDate "1996.11.15"]

1. d4 f5 2. c4 Nf6 3. g3 e6 4. Bg2 Be7 5. Nc3 O-O 6. Nf3 d6 7. O-O Qe8 8. b3
Nbd7 9. Bb2 Qg6 10. e3 h6 11. Ne2 Qf7 12. Nf4 g5 13. Nd3 Nh5 14. Nd2 Qg6 15. f4
Ndf6 16. d5 exd5 17. cxd5 Bd7 18. Rc1 Rae8 19. Rxc7 Bd8 20. Rxb7 Bb6 21. Rxb6
axb6 22. Nc4 Ng4 23. Bd4 Bc8 24. Bxb6 Ba6 25. Qd2 Re7 26. Nb4 Bxc4 27. bxc4
Nhf6 28. Nc6 Rb7 29. h3 Qe8 30. Bd4 Ne4 31. Bxe4 Qxe4 32. hxg4 fxg4 33. Qe2 h5
34. a3 Rbf7 35. Qg2 Qd3 36. Re1 Qxa3 37. Qc2 Rg7 38. Ra1 1-0

[Event "Plzen, FSB A"]
[Site "?"]
[Date "2001.??.??"]
[Round "8.7"]
[White "Seleljo, D."]
[Black "Cvek, R."]
[Result "0-1"]
[WhiteElo "2273"]
[BlackElo "2411"]
[PlyCount "80"]
[EventDate "2000.??.??"]
[Source "ChessBase"]
[SourceDate "1996.11.15"]

1. e4 c5 2. Nf3 Nc6 3. Bb5 g6 4. Bxc6 dxc6 5. O-O Bg7 6. d3 e5 7. Na3 Ne7 8.
Nc4 f6 9. Be3 b6 10. a4 a5 11. Nfd2 O-O 12. f4 exf4 13. Bxf4 Be6 14. Nf3 f5 15.
e5 h6 16. h4 Nd5 17. g3 Rf7 18. Rf2 Rd7 19. Qc1 Kh7 20. h5 gxh5 21. Rh2 Qe8 22.
Nh4 Nxf4 23. Qxf4 Rd4 24. Qf3 Rg4 25. Nd6 Qe7 26. Ndxf5 Qg5 27. Nxg7 Qxg7 28.
Qf6 Rxg3+ 29. Rg2 Rxg2+ 30. Nxg2 Qxf6 31. exf6 Rf8 32. Re1 Rxf6 33. Re5 Bd5 34.
c4 Re6 35. Re3 Rxe3 36. Nxe3 Be6 37. Kf2 h4 38. Kg2 Kg6 39. Kf3 h3 40. Nf1 Kg5
0-1

[Event "Plzen, FSB A"]
[Site "?"]
[Date "2001.??.??"]
[Round "8.8"]
[White "Virostko, P."]
[Black "Vesselovsky, S."]
[Result "0-1"]
[WhiteElo "2294"]
[BlackElo "2405"]
[PlyCount "60"]
[EventDate "2000.??.??"]
[Source "ChessBase"]
[SourceDate "1996.11.15"]

1. e4 c5 2. Nf3 g6 3. d4 Bg7 4. Bc4 cxd4 5. Nxd4 Nc6 6. Nxc6 bxc6 7. O-O d6 8.
Nc3 Nf6 9. Qe2 O-O 10. h3 Nd7 11. Ba6 Bxa6 12. Qxa6 Qb6 13. Qxb6 axb6 14. Ne2
b5 15. c3 Nc5 16. f3 Nb3 17. Rb1 Rxa2 18. Bg5 Re8 19. Nc1 Nxc1 20. Rfxc1 c5 21.
Be3 Rb8 22. f4 c4 23. Rd1 b4 24. e5 dxe5 25. cxb4 h5 26. Bc5 exf4 27. Bxe7 Rxb2
28. Rxb2 Bxb2 29. Rd8+ Rxd8 30. Bxd8 Ba3 0-1